[Event "Titled Tuesday intern op 30th Jul Early"]
[Site "Chess.com INT"]
[Date "2024.07.30"]
[Round "7"]
[White "Azahares Serrano, Raymond Daniel"]
[Black "Aakash, G2."]
[Result "1-0"]
[WhiteElo "2398"]
[BlackElo "2265"]
[PlyCount "79"]
[EventDate "2024.07.30"]
[EventType "swiss (blitz)"]
[EventRounds "11"]
[EventCountry "USA"]
[SourceTitle "EXT 2025"]
[Source "ChessBase"]
[SourceDate "2024.10.14"]
[SourceVersion "1"]
[SourceVersionDate "2024.10.14"]
[SourceQuality "1"]

1. d4 d5 2. c4 c6 3. Nf3 Nf6 4. Qb3 dxc4 5. Qxc4 Bf5 6. g3 e6 7. Bg2 Nbd7 8. 0-0 Bd6 9. Nc3 0-0 10. Re1 Ne4 11. Nh4 Nxc3 12. bxc3 Bg4 13. e4 e5 14. Be3 Kh8 15. h3 Bh5 16. Nf5 Bc7 17. g4 Bg6 18. Qb3 b6 19. Rad1 Qf6 20. dxe5 Nxe5 21. f4 Rfd8 22. g5 Qe6 23. fxe5 Qxe5 24. Rxd8+ Rxd8 25. Qc2 Re8 26. Bd4 Qh2+ 27. Kf1 Be5 28. Qf2 c5 29. Bxe5 Qxe5 30. c4 Qe6 31. Rc1 Rd8 32. Qf4 Qd7 33. Bf3 f6 34. Rd1 Qe8 35. Nd6 Qf8 36. gxf6 gxf6 37. Nf7+ Qxf7 38. Rxd8+ Kg7 39. Rd5 Qe7 40. Qd6 1-0

[Event "Capablanca Memorial op 57th"]
[Site "Havana"]
[Date "2024.05.10"]
[Round "8"]
[White "Azahares Serrano, Raymond Daniel"]
[Black "Valderrama Quiceno, Esteban Alberto"]
[Result "1-0"]
[WhiteElo "2186"]
[BlackElo "2434"]
[PlyCount "71"]
[EventDate "2024.05.03"]
[EventType "swiss"]
[EventRounds "10"]
[EventCountry "CUB"]
[SourceTitle "EXT 2025"]
[Source "ChessBase"]
[SourceDate "2024.10.14"]
[SourceVersion "1"]
[SourceVersionDate "2024.10.14"]
[SourceQuality "1"]

1. d4 Nf6 2. c4 e6 3. g3 d5 4. Nf3 dxc4 5. Bg2 a6 6. 0-0 Nc6 7. e3 Bd7 8. Qe2 b5 9. b3 cxb3 10. axb3 Ra7 11. d5 Be7 12. Bb2 0-0 13. Nbd2 Nb4 14. Rfc1 Qb8 15. Ne5 Rd8 16. e4 exd5 17. exd5 Nbxd5 18. Bxd5 Nxd5 19. Nxd7 Rxd7 20. Qg4 Bf6 21. Qxd7 Nb6 22. Qc6 Bxb2 23. Re1 Kf8 24. Qc5+ Kg8 25. Qc6 Kf8 26. Ra2 Bf6 27. Qc5+ Kg8 28. Qc6 Kf8 29. Ne4 Be7 30. Rae2 Qa8 31. Qc2 c6 32. Ng5 g6 33. Nxh7+ Kg7 34. Rxe7 Kxh7 35. Re8 Qb7 36. Qc3 1-0

[Event "Havana Gilberto Garcia Memorial-C"]
[Site "Havana"]
[Date "2024.02.24"]
[Round "1"]
[White "Azahares Serrano, Raymond Daniel"]
[Black "Rodriguez Hernandez, Jose Angel"]
[Result "1/2-1/2"]
[WhiteElo "2117"]
[BlackElo "2011"]
[PlyCount "112"]
[EventDate "2024.02.24"]
[EventType "tourn"]
[EventRounds "9"]
[EventCountry "CUB"]
[SourceTitle "CBM 219 Extra"]
[Source "ChessBase"]
[SourceDate "2024.05.31"]
[SourceVersion "1"]
[SourceVersionDate "2024.05.31"]
[SourceQuality "1"]

1. e4 e6 2. d4 d5 3. Nd2 c5 4. Ngf3 Nc6 5. exd5 exd5 6. Bb5 Bd6 7. dxc5 Bxc5 8. 0-0 Nge7 9. Nb3 Bb6 10. Nfd4 0-0 11. Be3 Nxd4 12. Bxd4 Be6 13. Re1 Nf5 14. Qd2 Nxd4 15. Nxd4 Qf6 16. Rad1 Bxd4 17. Qxd4 Qxd4 18. Rxd4 Rac8 19. c3 a6 20. Bd3 g6 21. f4 Kg7 22. Kf2 Kf6 23. Be2 b5 24. g4 Rc5 25. Kg3 Rd8 26. Bd3 Bc8 27. h4 h5 28. g5+ Kg7 29. Re5 Be6 30. f5 gxf5 31. Kf4 Rd6 32. Bxf5 Rc4 33. Bxe6 fxe6 34. Re2 Rxd4+ 35. cxd4 Rc6 36. Ke5 Rc4 37. b3 Rc6 38. Rf2 a5 39. Rf6 Rc2 40. Kxe6 Rxa2 41. Kxd5 Ra3 42. Ra6 Rxb3 43. Rxa5 Rh3 44. Rxb5 Rxh4 45. Ke5 Rg4 46. Kf5 Rxd4 47. Rb7+ Kf8 48. Kg6 h4 49. Kh7 h3 50. Rb8+ Ke7 51. Kg7 Rh4 52. Rb1 h2 53. Rh1 Rh3 54. g6 Rh4 55. Re1+ Kd6 56. Rh1 Ke7 1/2-1/2

[Event "Havana Gilberto Garcia Memorial-C"]
[Site "Havana"]
[Date "2024.02.24"]
[Round "2"]
[White "Morales Mora, Kendry Daniel"]
[Black "Azahares Serrano, Raymond Daniel"]
[Result "0-1"]
[WhiteElo "2091"]
[BlackElo "2117"]
[PlyCount "68"]
[EventDate "2024.02.24"]
[EventType "tourn"]
[EventRounds "9"]
[EventCountry "CUB"]
[SourceTitle "CBM 219 Extra"]
[Source "ChessBase"]
[SourceDate "2024.05.31"]
[SourceVersion "1"]
[SourceVersionDate "2024.05.31"]
[SourceQuality "1"]

1. e4 e6 2. d4 d5 3. Nc3 Nf6 4. e5 Nfd7 5. f4 c5 6. Nf3 Nc6 7. Be3 Be7 8. Qd2 0-0 9. dxc5 Nxc5 10. 0-0-0 a6 11. h4 b5 12. Bxc5 Bxc5 13. Ng5 f6 14. exf6 gxf6 15. Bd3 fxg5 16. Bxh7+ Kxh7 17. hxg5+ Kg8 18. Qd3 Ra7 19. Rh6 Rg7 20. Qh3 Kf7 21. Rf6+ Kg8 22. Rh6 Kf7 23. Rf6+ Ke8 24. Qh5+ Rgf7 25. Nxd5 exd5 26. Re1+ Ne7 27. Re2 Bd4 28. g3 Bg4 29. Qxg4 Bxf6 30. g6 Rg7 31. f5 Qc8 32. Re6 Qc4 33. Qf3 Qxa2 34. Qf4 Qxb2+ 0-1